Minden arany, ami fénylik? Az olimpia nyomában

Bibliográfiai részletek
Szerző: Németh Bianka
További közreműködők: Fábián Tamás Zoltán
Dokumentumtípus: Diplomadolgozat
Kulcsszavak:fenntarthatóság
gazdasági hatásvizsgálat
költségvetés
környezeti hatások
olimpia
sport
társadalmi hatás
verseny
Online Access:http://dolgozattar.uni-bge.hu/59873

MARC

LEADER 00000nta a2200000 i 4500
001 dolg59873
005 20260409145700.0
008 260409suuuu hu om 000 hun d
040 |a BGE Dolgozattár Repozitórium  |b hun 
041 |a hu 
100 1 |a Németh Bianka 
245 1 0 |a Minden arany, ami fénylik? Az olimpia nyomában  |c Németh Bianka  |h [elektronikus dokumentum] 
520 3 |a A tanulmány célja feltárni, hogyan befolyásolják az olimpiai versenyek rendezési helyszínét a gazdasági, szociális és környezeti aspektusok.A sportesemény világszerte felkelti az érdeklődést, miközben a versengés mögött mélyebb hatások és összefüggések rejtőzhetnek. A dolgozatomban végzett kutatás arra irányul, hogy elemezze egy nagyszabású sportrendezvény komplex következményeit, középpontba helyezve a fenntarthatósági aspektusokat, a foglalkoztatási lehetőségeket és a társadalmi átalakulási folyamatokat, egyaránt megvizsgálva a kedvező és kedvezőtlen hatásokat. Sportturisztikai munkám során szerzett élményeim alátámasztják személyes meglátásaimat. Ezenkívül vizsgálom a hazai közvélemény vélekedését egy olimpia megrendezésének lehetőségéről, valamint feltárom azokat a fenntartható módszereket, amelyekkel csökkenthetők lennének a rendezéssel járó kedvezőtlen következmények. A tanulmányom arra törekszik, hogy mélyrehatóan elemezze az olimpiai játékok hosszútávú következményeit, ezzel támogatva a későbbi stratégiai tervezésben érintett szakembereket. 
695 |a fenntarthatóság 
695 |a gazdasági hatásvizsgálat 
695 |a költségvetés 
695 |a környezeti hatások 
695 |a olimpia 
695 |a sport 
695 |a társadalmi hatás 
695 |a verseny 
700 1 |a Fábián Tamás Zoltán  |e ths 
856 4 0 |u http://dolgozattar.uni-bge.hu/59873/1/Minden%20arany%2C%20ami%20f%C3%A9nylik%3F%20Az%20olimpia%20nyom%C3%A1ban.pdf  |z Dokumentum-elérés 
856 4 0 |u http://dolgozattar.uni-bge.hu/59873/2/N%C3%A9meth%20Bianka%20b%C3%ADr%C3%A1lat%20MG.pdf  |z Dokumentum-elérés 
856 4 0 |u http://dolgozattar.uni-bge.hu/59873/3/N%C3%A9meth%20Bianka_BA_magyar_F%C3%A1bi%C3%A1n%20Tam%C3%A1s_konzulensi.pdf  |z Dokumentum-elérés